Personality for today's young professionals/ (Record no. 6209)

MARC details
000 -LEADER
fixed length control field 00677nam a22002057a 4500
003 - CONTROL NUMBER IDENTIFIER
control field OSt
005 - DATE AND TIME OF LATEST TRANSACTION
control field 20251125102616.0
008 - FIXED-LENGTH DATA ELEMENTS--GENERAL INFORMATION
fixed length control field 251125b |||||||| |||| 00| 0 eng d
020 ## - INTERNATIONAL STANDARD BOOK NUMBER
International Standard Book Number 9710871528
040 ## - CATALOGING SOURCE
Original cataloging agency DWC-Main lib.
Transcribing agency OC
082 ## - DEWEY DECIMAL CLASSIFICATION NUMBER
Edition number 3rd ed.
Classification number Fil. 155.2 S237p 2012
100 ## - MAIN ENTRY--PERSONAL NAME
Personal name Santos, Amparo E.
245 ## - TITLE STATEMENT
Title Personality for today's young professionals/
Statement of responsibility, etc. Amparo E. Santos
260 ## - PUBLICATION, DISTRIBUTION, ETC.
Place of publication, distribution, etc. Mandaluyong City, Phils. :
Name of publisher, distributor, etc. National Book Store,
Date of publication, distribution, etc. c2012.
300 ## - PHYSICAL DESCRIPTION
Extent xiii, 205 p. :
Other physical details illustrations. ;
Dimensions 26 cm.
650 ## - SUBJECT ADDED ENTRY--TOPICAL TERM
Topical term or geographic name entry element 1. Personality in young adults.
650 ## - SUBJECT ADDED ENTRY--TOPICAL TERM
Topical term or geographic name entry element 2.Personality development.
760 ## - MAIN SERIES ENTRY
Edition 3rd ed.
942 ## - ADDED ENTRY ELEMENTS (KOHA)
Source of classification or shelving scheme Dewey Decimal Classification
Koha item type Book-Filipiniana
Edition 3rd ed.
Classification part Fil.
Suppress in OPAC No
952 ## - LOCATION AND ITEM INFORMATION (KOHA)
--
952 ## - LOCATION AND ITEM INFORMATION (KOHA)
--
952 ## - LOCATION AND ITEM INFORMATION (KOHA)
--
Holdings
Withdrawn status Lost status Source of classification or shelving scheme Damaged status Not for loan Home library Current library Shelving location Date acquired Source of acquisition Total Checkouts Full call number Barcode Date last seen Copy number Price effective from Koha item type Uniform Resource Identifier
    Dewey Decimal Classification     College Library College Library Filipiniana 04/11/2014 School Fund   Fil. 155.2 S237p 2012 CL50669 11/25/2025 c3 11/25/2025 BK - FIL
    Dewey Decimal Classification     Senior High School Library Senior High School Library Filipiniana 07/25/2013 School Fund   Fil. 155.2 S237p 2012 SHS291 11/25/2025 c1 11/25/2025 BK - FIL
    Dewey Decimal Classification     Senior High School Library Senior High School Library Filipiniana 04/11/2014 School Fund   Fil. 155.2 S237p 2012 SHS290 11/25/2025 c2 11/25/2025 BK - FIL